[Event "30ème Open  d'Avoine"]
[Site "Avoine"]
[Date "2015.07.18"]
[Round "4.1"]
[White "Colin, Vincent"]
[Black "Maiorov, Nikita"]
[Result "1/2-1/2"]
[WhiteElo "2382"]
[BlackElo "2573"]
[PlyCount "53"]
[EventDate "2015.??.??"]
[WhiteTeam "C-E BOIS-COLOMBES"]
[BlackTeam "C.E. STRASBOURG"]

1. e4 e5 2. Nf3 Nc6 3. Bc4 Bc5 4. c3 Nf6 5. d4 exd4 6. cxd4 Bb4+ 7. Bd2 Nxe4 8.
Bxb4 Nxb4 9. Bxf7+ Kxf7 10. Qb3+ Kf8 11. Qxb4+ Qe7 12. Qxe7+ Kxe7 13. O-O Kd8
14. Re1 Nf6 15. Nc3 d6 16. h3 Bf5 17. d5 Bg6 18. Ng5 Kd7 19. Ne6 Rhg8 20. Rad1
a6 21. g4 Rae8 22. Kg2 Nxd5 23. Nxd5 Rxe6 24. Rxe6 Kxe6 25. Nxc7+ Kd7 26. Nd5
Bf7 27. a3 {(=)} 1/2-1/2

[Event "30ème Open  d'Avoine"]
[Site "Avoine"]
[Date "2015.07.18"]
[Round "4.2"]
[White "Nevednichy, Vladislav"]
[Black "Bulmaga, Irina"]
[Result "1-0"]
[WhiteElo "2558"]
[BlackElo "2393"]
[PlyCount "73"]
[EventDate "2015.??.??"]
[WhiteTeam "C-E BOIS-COLOMBES"]
[BlackTeam "C.E. STRASBOURG"]

1. c4 c6 2. Nf3 Nf6 3. Nc3 d5 4. e3 e6 5. b3 Bd6 6. Bb2 Nbd7 7. Qc2 O-O 8. Be2
a6 9. d4 Re8 10. O-O dxc4 11. bxc4 e5 12. h3 exd4 13. exd4 Nf8 14. Rfe1 Ng6 15.
c5 Bf4 16. Bc4 Rxe1+ 17. Rxe1 Nd5 18. Nxd5 cxd5 19. Bf1 Be6 20. g3 Bc7 21. Bc1
h6 22. Rxe6 fxe6 23. Qxg6 Qe8 24. Qg4 Kh8 25. Bd3 Qf7 26. Nh4 Qf6 27. Ng6+ Kg8
28. h4 Re8 29. Kg2 b6 30. cxb6 Bxb6 31. Ne5 a5 32. Be3 Bc7 33. Bg6 Rd8 34. Bg5
hxg5 35. hxg5 Qe7 36. Qh5 Qa3 37. Bh7+ 1-0

[Event "30ème Open  d'Avoine"]
[Site "Avoine"]
[Date "2015.07.18"]
[Round "4.3"]
[White "Strohl, Gregoire"]
[Black "Swayams, Mishra"]
[Result "0-1"]
[WhiteElo "1780"]
[BlackElo "2429"]
[PlyCount "88"]
[EventDate "2015.??.??"]
[WhiteTeam "C-E BOIS-COLOMBES"]
[BlackTeam "C.E. STRASBOURG"]

1. e4 e5 2. Nf3 Nc6 3. Bb5 a6 4. Ba4 Nf6 5. d3 b5 6. Bb3 Be7 7. O-O O-O 8. Nc3
d6 9. a3 Bg4 10. Be3 Kh8 11. Nd5 Nd7 12. h3 Bh5 13. Qe2 Na5 14. Ba2 c6 15. Nxe7
Qxe7 16. b4 Nb7 17. c3 Nd8 18. Kh1 Ne6 19. Bxe6 fxe6 20. g4 Bg6 21. Bg5 Qe8 22.
Nd2 Nb6 23. Nb3 Na4 24. Rac1 Ra7 25. f3 Raf7 26. Kg2 Qa8 27. Be3 Rc8 28. Na5 c5
29. Bg1 Rfc7 30. Qd2 Rd7 31. Rfd1 d5 32. Qe1 Rf7 33. Qg3 c4 34. Qxe5 cxd3 35.
Rxd3 dxe4 36. Rd4 Nb2 37. Qxe6 exf3+ 38. Kf2 Re8 39. Qd6 Rf6 40. Qd7 Rf7 41.
Qd6 Rf6 42. Qd7 Re2+ 43. Kf1 f2 44. Qd8+ Re8 0-1

[Event "30ème Open  d'Avoine"]
[Site "Avoine"]
[Date "2015.07.18"]
[Round "4.4"]
[White "Fedorchuk, Sergey A"]
[Black "Payen, Arnaud"]
[Result "1-0"]
[WhiteElo "2664"]
[BlackElo "2329"]
[PlyCount "89"]
[EventDate "2015.??.??"]
[WhiteTeam "C-E BOIS-COLOMBES"]
[BlackTeam "C.E. STRASBOURG"]

1. e4 e5 2. Nf3 Nc6 3. Bb5 a6 4. Ba4 Nf6 5. O-O Be7 6. d3 b5 7. Bb3 d6 8. a3
O-O 9. h3 Be6 10. Nc3 Nd4 11. Nxd4 exd4 12. Ne2 c5 13. f4 Nd7 14. Bd2 Kh8 15.
Bxe6 fxe6 16. Ng3 Bh4 17. Qg4 Bxg3 18. Qxg3 Qe7 19. f5 e5 20. Bg5 Qf7 21. Qh4
Nf6 22. g4 d5 23. exd5 Qxd5 24. Rae1 Rae8 25. Re2 e4 26. Bxf6 gxf6 27. dxe4
Rxe4 28. Qh6 Kg8 29. Rg2 Re7 30. g5 Rg7 31. g6 hxg6 32. Rxg6 Rff7 33. Re1 Qd7
34. Re4 Re7 35. Reg4 Rxg6 36. Qxg6+ Rg7 37. Qxf6 Rxg4+ 38. hxg4 d3 39. cxd3
Qxd3 40. Qe6+ Kf8 41. f6 Qg6 42. Kf2 c4 43. Ke3 Qd3+ 44. Kf4 Qd2+ 45. Kf5 1-0

[Event "30ème Open  d'Avoine"]
[Site "Avoine"]
[Date "2015.07.18"]
[Round "4.5"]
[White "Viennot, Dylan"]
[Black "Kasparov, Sergey"]
[Result "1/2-1/2"]
[WhiteElo "2351"]
[BlackElo "2497"]
[PlyCount "93"]
[EventDate "2015.??.??"]
[WhiteTeam "C-E BOIS-COLOMBES"]
[BlackTeam "C.E. STRASBOURG"]

1. e4 d5 2. exd5 Qxd5 3. Nc3 Qd6 4. d4 Nf6 5. Nf3 c6 6. Ne5 Nbd7 7. Bf4 Nd5 8.
Nxd5 Qxd5 9. Nf3 Nb6 10. Be2 Bf5 11. c3 Qe4 12. Bg3 Qc2 13. Qxc2 Bxc2 14. O-O
e6 15. Rac1 Bf5 16. Rfe1 Be7 17. Nh4 Bg6 18. Nxg6 hxg6 19. h3 Rd8 20. Bc7 Rd7
21. Bxb6 axb6 22. a4 O-O 23. Bc4 Rfd8 24. Bb3 Kf8 25. Rcd1 Bf6 26. Kf1 b5 27.
Bc2 b4 28. Bb3 bxc3 29. bxc3 Rc7 30. Re3 c5 31. dxc5 Rxd1+ 32. Bxd1 Rxc5 33.
Rd3 Ke7 34. c4 b6 35. Rb3 Rf5 36. Rb5 Bd4 37. Rxf5 gxf5 38. Ke2 Kd6 39. f4 Kc5
40. Kd3 Bf2 41. g4 g6 42. gxf5 gxf5 43. Bh5 f6 44. Bf7 Kd6 45. Bg6 Bg3 46. Ke3
Bh4 47. Kf3 1/2-1/2

[Event "30ème Open  d'Avoine"]
[Site "Avoine"]
[Date "2015.07.18"]
[Round "4.6"]
[White "Inkiov, Ventzislav"]
[Black "Mevel, Alberic"]
[Result "1-0"]
[WhiteElo "2434"]
[BlackElo "2248"]
[PlyCount "71"]
[EventDate "2015.??.??"]
[WhiteTeam "C-E BOIS-COLOMBES"]
[BlackTeam "C.E. STRASBOURG"]

1. e4 d5 2. exd5 Nf6 3. Bb5+ Nbd7 4. Nc3 a6 5. Bxd7+ Qxd7 6. Qf3 b5 7. d6 Ra7
8. dxe7 Bxe7 9. d3 O-O 10. Nge2 Bb7 11. Ne4 Nxe4 12. dxe4 f5 13. Qb3+ Kh8 14.
e5 Bxg2 15. Rg1 Bd5 16. Qg3 Bc5 17. Nf4 c6 18. Be3 Qe7 19. O-O-O Be4 20. Rd6
Bxe3+ 21. Qxe3 Rd7 22. Qd4 Rfd8 23. Rd1 Rxd6 24. exd6 Qf7 25. Qe5 Qc4 26. Nd3
Qd5 27. Rg1 Qxe5 28. Nxe5 Bd5 29. d7 g6 30. b3 b4 31. h4 Kg7 32. h5 Kf6 33.
hxg6 Kxe5 34. gxh7 Kd6 35. Rg8 Bxg8 36. h8=Q 1-0

[Event "30ème Open  d'Avoine"]
[Site "Avoine"]
[Date "2015.07.18"]
[Round "4.7"]
[White "Godart, Francois"]
[Black "Navrotescu, Andreea-Cristiana"]
[Result "0-1"]
[WhiteElo "2426"]
[BlackElo "2247"]
[PlyCount "64"]
[EventDate "2015.??.??"]
[WhiteTeam "C-E BOIS-COLOMBES"]
[BlackTeam "C.E. STRASBOURG"]

1. d4 Nf6 2. c4 g6 3. f3 e5 4. dxe5 Nh5 5. Nh3 Nc6 6. Bg5 Be7 7. Bxe7 Qxe7 8.
Nc3 Qxe5 9. Qd2 O-O 10. O-O-O d6 11. g4 Nf6 12. g5 Nh5 13. Nd5 Bd7 14. Nhf4 Kh8
15. Nxh5 gxh5 16. f4 Qe4 17. Qc3+ f6 18. Nxf6 Rxf6 19. Qxf6+ Kg8 20. Bg2 Qxg2
21. Rhg1 Qe4 22. g6 Qxc4+ 23. Kb1 h6 24. Qf7+ Qxf7 25. gxf7+ Kxf7 26. Rd5 {(=)}
Re8 27. Rxh5 Rxe2 28. Rxh6 Bf5+ 29. Ka1 Nd4 30. Rh5 Nc2+ 31. Kb1 Ne3+ 32. Ka1
d5 0-1

[Event "30ème Open  d'Avoine"]
[Site "Avoine"]
[Date "2015.07.18"]
[Round "4.8"]
[White "Coursaget, Nicolas"]
[Black "Dumitrache, Dragos-Nicolae"]
[Result "1/2-1/2"]
[WhiteElo "2268"]
[BlackElo "2423"]
[PlyCount "55"]
[EventDate "2015.??.??"]
[WhiteTeam "C-E BOIS-COLOMBES"]
[BlackTeam "C.E. STRASBOURG"]

1. d4 d6 2. c4 e5 3. Nf3 Nd7 4. Nc3 Ngf6 5. e4 Be7 6. h3 O-O 7. Be3 c6 8. Be2
exd4 9. Nxd4 Nc5 10. Qc2 a5 11. g4 Re8 12. O-O-O Qc7 13. g5 Nfd7 14. h4 a4 15.
h5 Bf8 16. Nf5 Nb6 17. Rdg1 Be6 18. g6 Nxc4 19. gxf7+ Kxf7 20. Bd4 d5 21. Bxc4
Bxf5 22. Bxd5+ cxd5 23. exf5 a3 24. Kb1 Ne4 25. f6 Qc4 26. fxg7 Bb4 27. Nxe4
Rxe4 28. Qxc4 {(=)} 1/2-1/2

[Event "30ème Open  d'Avoine"]
[Site "Avoine"]
[Date "2015.07.18"]
[Round "4.9"]
[White "Robin, Samy"]
[Black "Legky, Nikolay A"]
[Result "1-0"]
[WhiteElo "2247"]
[BlackElo "2420"]
[PlyCount "71"]
[EventDate "2015.??.??"]
[WhiteTeam "C-E BOIS-COLOMBES"]
[BlackTeam "C.E. STRASBOURG"]

1. e4 d6 2. d4 Nf6 3. Nc3 g6 4. g3 Bg7 5. Bg2 O-O 6. Nge2 c6 7. a4 e5 8. O-O
Re8 9. h3 Nbd7 10. Be3 b6 11. d5 Qc7 12. dxc6 Qxc6 13. g4 Bb7 14. Qd2 Nc5 15.
Ng3 Ne6 16. Rfd1 Nd4 17. Nge2 h5 18. g5 Nh7 19. Nxd4 exd4 20. Bxd4 Bxd4 21.
Qxd4 Nxg5 22. h4 Ne6 23. Qxd6 Qxd6 24. Rxd6 Nc5 25. f3 Kf8 26. Rad1 Ne6 27. Kf2
Rac8 28. Bh3 Bc6 29. Bxe6 Rxe6 30. Rxe6 fxe6 31. Ke3 e5 32. Rd6 Kf7 33. Kd3 Be8
34. Nb5 Ke7 35. Rd5 Bxb5+ 36. Rxb5 1-0

[Event "30ème Open  d'Avoine"]
[Site "Avoine"]
[Date "2015.07.18"]
[Round "4.10"]
[White "Shirazi, Kamran"]
[Black "Le Huec, Marc"]
[Result "1-0"]
[WhiteElo "2399"]
[BlackElo "2236"]
[PlyCount "125"]
[EventDate "2015.??.??"]
[WhiteTeam "C-E BOIS-COLOMBES"]
[BlackTeam "C.E. STRASBOURG"]

1. c4 Nf6 2. Nc3 g6 3. e4 d6 4. h3 Bg7 5. g4 e5 6. Bg2 Nc6 7. Nge2 h5 8. f3 Nd7
9. d3 hxg4 10. fxg4 Qh4+ 11. Kd2 Nb4 12. Nb5 Qd8 13. a3 Nc6 14. Kc2 Nc5 15. Be3
Ne6 16. Rc1 a6 17. Nbc3 Ncd4+ 18. Kb1 Bd7 19. Na2 c6 20. Qe1 Bf6 21. Nb4 Bh4
22. Bf2 Bxf2 23. Qxf2 Nxe2 24. Qxe2 Nf4 25. Qf3 a5 26. Nc2 c5 27. Ne3 Be6 28.
Bf1 Qg5 29. Rh2 Kf8 30. Rcc2 b6 31. Ng2 Nxg2 32. Rcxg2 Kg7 33. Rg3 Rh4 34. Rf2
Rb8 35. Qd1 Rhh8 36. Rgf3 Rb7 37. Be2 Rbb8 38. Qc1 Qe7 39. Bd1 Rb7 40. Ba4 Rc7
41. Bb5 Kg8 42. Qd1 Kg7 43. Ba4 Rh7 44. Qb3 Rh8 45. Qd1 Qg5 {(=)} 46. Qf1 Qe7
47. Rf6 Rh7 48. Kc1 Rh8 49. Kd2 Rh7 50. R2f3 Rh8 51. Ke2 Rh7 52. Qf2 Rh8 53.
Kf1 Rh7 54. Kg2 Rc8 55. h4 Rch8 56. h5 gxh5 57. g5 Kg8 58. Qh4 Rg7 59. Bc6 Rg6
60. Bd5 Bxd5 61. cxd5 Kg7 62. Kf1 Rg8 63. Qxh5 1-0

[Event "30ème Open  d'Avoine"]
[Site "Avoine"]
[Date "2015.07.18"]
[Round "4.11"]
[White "Le Borgne, Pierre"]
[Black "Milu, Romeo-Sorin"]
[Result "1/2-1/2"]
[WhiteElo "2252"]
[BlackElo "2376"]
[PlyCount "31"]
[EventDate "2015.??.??"]
[WhiteTeam "C-E BOIS-COLOMBES"]
[BlackTeam "C.E. STRASBOURG"]

1. e4 e5 2. Nf3 Nc6 3. Bb5 Nf6 4. O-O Nxe4 5. d4 Nd6 6. dxe5 Nxb5 7. a4 d6 8.
Re1 Be7 9. axb5 Nxe5 10. Nxe5 dxe5 11. Qxd8+ Kxd8 12. Rxe5 Bd6 13. Rd5 Re8 14.
Be3 Re5 15. Rd2 b6 16. Nc3 {(=)} 1/2-1/2

[Event "30ème Open  d'Avoine"]
[Site "Avoine"]
[Date "2015.07.18"]
[Round "4.12"]
[White "Lazarev, Vladimir"]
[Black "Bianchi, Guillaume"]
[Result "1-0"]
[WhiteElo "2371"]
[BlackElo "2142"]
[PlyCount "49"]
[EventDate "2015.??.??"]
[WhiteTeam "C-E BOIS-COLOMBES"]
[BlackTeam "C.E. STRASBOURG"]

1. d4 Nf6 2. c4 g6 3. Nc3 Bg7 4. e4 d6 5. Nf3 O-O 6. Be2 e5 7. Be3 h6 8. dxe5
Ng4 9. Bc1 Nxe5 10. Nd4 Qh4 11. O-O Nbc6 12. Ndb5 Rb8 13. Nxc7 Nd4 14. N7d5
Nxe2+ 15. Qxe2 Be6 16. Bf4 Rbc8 17. Bg3 Qd8 18. b3 a6 19. Rac1 h5 20. f4 Bg4
21. Qd2 Bh6 22. Ne3 h4 23. Be1 Qb6 24. Ncd5 Qa7 25. Bf2 1-0

[Event "30ème Open  d'Avoine"]
[Site "Avoine"]
[Date "2015.07.18"]
[Round "4.14"]
[White "Poignot, Quentin"]
[Black "Delorme, Alban"]
[Result "1/2-1/2"]
[WhiteElo "2170"]
[BlackElo "2353"]
[PlyCount "44"]
[EventDate "2015.??.??"]
[WhiteTeam "C-E BOIS-COLOMBES"]
[BlackTeam "C.E. STRASBOURG"]

1. e4 c5 2. Nf3 g6 3. d4 cxd4 4. Nxd4 Bg7 5. c4 Nc6 6. Be3 Nf6 7. Nc3 Ng4 8.
Qxg4 Nxd4 9. Qd1 Ne6 10. Qd2 b6 11. Be2 Bb7 12. O-O O-O 13. f3 Rc8 14. Rfd1 d6
15. Rac1 Nc5 16. b4 Nd7 17. Nd5 Ne5 18. c5 dxc5 19. bxc5 e6 20. Nf4 Qxd2 21.
Rxd2 Rc7 22. Rcd1 Rfc8 {(=)} 1/2-1/2

[Event "30ème Open  d'Avoine"]
[Site "Avoine"]
[Date "2015.07.18"]
[Round "4.15"]
[White "Filip, Lucian"]
[Black "Julien, Jules-Alois"]
[Result "1-0"]
[WhiteElo "2419"]
[BlackElo "2106"]
[PlyCount "81"]
[EventDate "2015.??.??"]
[WhiteTeam "C-E BOIS-COLOMBES"]
[BlackTeam "C.E. STRASBOURG"]

1. Nf3 Nf6 2. c4 g6 3. d4 c5 4. d5 Bg7 5. Nc3 O-O 6. e4 d6 7. Be2 e5 8. Bg5 Na6
9. Nd2 Qe7 10. O-O Nc7 11. a3 a6 12. b4 h6 13. Bh4 g5 14. Bg3 Bd7 15. bxc5 dxc5
16. a4 b6 17. Rb1 Rfb8 18. Rb3 Ra7 19. Qc2 Nfe8 20. Rfb1 Rab7 21. R1b2 Nd6 22.
Qb1 b5 23. axb5 axb5 24. cxb5 Na8 25. Na4 Rc8 26. Nc4 Nxc4 27. Bxc4 Rcb8 28. f3
Bf8 29. Bf2 Rc8 30. Qd3 Qd6 31. Rd2 Qb8 32. h3 Bd6 33. Be3 Kg7 {(=)} 34. Rb1
Kg6 35. Ra1 f6 36. Kh1 Qc7 37. Bg1 Qb8 38. Kh2 Qc7 39. Be3 Kh5 40. Nxc5 Bxc5
41. d6 1-0

[Event "30ème Open  d'Avoine"]
[Site "Avoine"]
[Date "2015.07.18"]
[Round "4.16"]
[White "Ginovart, Axel"]
[Black "Navrotescu, Catalin"]
[Result "0-1"]
[WhiteElo "2089"]
[BlackElo "2407"]
[PlyCount "60"]
[EventDate "2015.??.??"]
[WhiteTeam "C-E BOIS-COLOMBES"]
[BlackTeam "C.E. STRASBOURG"]

1. e4 c5 2. Nc3 g6 3. f4 Bg7 4. Nf3 Nc6 5. Bc4 e6 6. O-O Nge7 7. d3 O-O 8. Qe1
d5 9. Bb3 Nd4 10. Nxd4 cxd4 11. Ne2 a5 12. exd5 a4 13. d6 Qxd6 14. Bc4 Bd7 15.
a3 Rac8 16. Bd2 Nd5 17. Rc1 b5 18. Ba2 Rfe8 19. Ng3 f5 20. Kh1 Kh8 21. Qf2 Ne3
22. Bb4 Qb8 23. Rg1 Bc6 24. Nf1 Ng4 25. Qg3 e5 26. fxe5 Bxe5 27. Qh4 g5 28. Qe1
Bf4 29. Ne3 Bxe3 30. Rf1 Qxh2# 0-1

[Event "30ème Open  d'Avoine"]
[Site "Avoine"]
[Date "2015.07.18"]
[Round "4.17"]
[White "Haub, Thorsten Michael"]
[Black "Lebret, Jean-Michel"]
[Result "1-0"]
[WhiteElo "2392"]
[BlackElo "2096"]
[PlyCount "61"]
[EventDate "2015.??.??"]
[WhiteTeam "C-E BOIS-COLOMBES"]
[BlackTeam "C.E. STRASBOURG"]

1. g3 d5 2. Bg2 e5 3. d3 Nf6 4. a3 Be7 5. Nd2 O-O 6. e4 c6 7. Ngf3 Qc7 8. O-O
dxe4 9. dxe4 Bg4 10. Qe1 h6 11. Nc4 Nbd7 12. Ne3 Be6 13. Nf5 Rfe8 14. Nxe7+
Rxe7 15. Qe2 Nc5 16. Nh4 b5 17. b3 Rd8 18. Bb2 Red7 19. Bc3 a5 20. Qe1 Nb7 21.
Nf3 a4 22. Bxe5 Qb6 23. Bxf6 gxf6 24. Qc1 Kg7 25. bxa4 bxa4 26. e5 f5 27. Rb1
Qa6 28. Rb4 Qe2 29. Rh4 Rh8 30. Re1 Qb5 31. Qf4 1-0

[Event "30ème Open  d'Avoine"]
[Site "Avoine"]
[Date "2015.07.18"]
[Round "4.18"]
[White "Lalande, Jean-Louis"]
[Black "Bon, Michael"]
[Result "0-1"]
[WhiteElo "2045"]
[BlackElo "2350"]
[PlyCount "124"]
[EventDate "2015.??.??"]
[WhiteTeam "C-E BOIS-COLOMBES"]
[BlackTeam "C.E. STRASBOURG"]

1. d4 d5 2. c4 Nc6 3. cxd5 Qxd5 4. e3 e5 5. Nc3 Bb4 6. Bd2 Bxc3 7. Bxc3 exd4 8.
Ne2 Nf6 9. Nxd4 O-O 10. Nb5 Qg5 11. Nxc7 Bg4 12. Qb3 Rac8 13. Qxb7 Qc5 14. Qb5
Qd6 15. Na6 Ne4 16. Be2 Nxc3 17. bxc3 Bxe2 18. Qxe2 Ne5 19. O-O Rxc3 20. Rfc1
Rxc1+ 21. Rxc1 Nd3 22. Rc3 Rd8 23. Nc7 Qb4 24. Nd5 Qb1+ 25. Qf1 Ne1 26. Rc8
Rxc8 27. Ne7+ Kf8 28. Nxc8 a5 29. a4 h6 30. Na7 Qb4 31. Qb5 Nc2 32. g3 Na3 33.
Qd7 g6 34. Nc8 Nc4 35. Qd8+ Kg7 36. Qd4+ Kh7 37. Qf6 Qb1+ 38. Kg2 Qb7+ 39. Kg1
Nd2 40. h4 Nf3+ 41. Kf1 Nh2+ 42. Ke2 Ng4 43. Qc3 Qg2 44. Qe1 Qc6 45. Qxa5 Qxc8
46. Kf3 h5 47. Qd5 Kg8 48. a5 Qc2 49. Qd8+ Kg7 50. Qb6 Qxf2+ 51. Ke4 Qc2+ 52.
Kd4 Qd2+ 53. Kc5 Ne5 54. Kb5 Qd3+ 55. Kb4 Qc4+ 56. Ka3 Nd7 57. Qa7 Nc5 58. Qb6
Qc3+ 59. Ka2 Qxe3 60. Qc7 Qb3+ 61. Ka1 Nd3 62. Qb6 Nb4 0-1

[Event "30ème Open  d'Avoine"]
[Site "Avoine"]
[Date "2015.07.18"]
[Round "4.19"]
[White "Sandu, Mihaela"]
[Black "Amarger, Vincent"]
[Result "1-0"]
[WhiteElo "2347"]
[BlackElo "2082"]
[PlyCount "105"]
[EventDate "2015.??.??"]
[WhiteTeam "C-E BOIS-COLOMBES"]
[BlackTeam "C.E. STRASBOURG"]

1. e4 d6 2. d4 Nf6 3. Nc3 e5 4. dxe5 dxe5 5. Qxd8+ Kxd8 6. Bc4 Ke8 7. Nf3 Bd6
8. Bg5 Nbd7 9. O-O-O a6 10. a4 h6 11. Bh4 Kf8 12. Nd2 g6 13. f3 Kg7 14. Nd5 Re8
15. Nxf6 Nxf6 16. Bf2 Bd7 17. a5 Bb5 18. Bxb5 axb5 19. Nb3 Bb4 20. c3 Bxa5 21.
Kc2 c6 22. Nxa5 Rxa5 23. Rd6 Rea8 24. Rhd1 b4 25. cxb4 Rb5 26. Kb3 Ne8 27. Rd8
Rxd8 28. Rxd8 Nc7 29. Kc4 Na6 30. Be1 Kf6 31. Bc3 Ke7 32. Rh8 h5 33. h4 Nc7 34.
g4 hxg4 35. fxg4 Kf6 36. Rd8 Ne6 37. Re8 Kg7 38. Re7 Kf8 39. Rd7 Kg7 40. Rd1
Nf4 41. Rd2 Ne6 42. Rf2 Kg8 43. Rf1 Kg7 44. Rd1 Kg8 45. b3 Kf8 46. Be1 Nd4 47.
Bf2 Nc2 48. Bc5+ Ke8 49. Rc1 Nd4 50. h5 gxh5 51. gxh5 f6 52. h6 Rxc5+ 53. bxc5
1-0

[Event "30ème Open  d'Avoine"]
[Site "Avoine"]
[Date "2015.07.18"]
[Round "4.20"]
[White "Kirk, Ezra"]
[Black "Lukasiewicz, Anna"]
[Result "1-0"]
[WhiteElo "2321"]
[BlackElo "2077"]
[PlyCount "111"]
[EventDate "2015.??.??"]
[WhiteTeam "C-E BOIS-COLOMBES"]
[BlackTeam "C.E. STRASBOURG"]

1. d4 Nf6 2. c4 g6 3. Nc3 Bg7 4. e4 d6 5. Nf3 O-O 6. Be2 e5 7. O-O Nc6 8. d5
Ne7 9. b4 a5 10. Ba3 Nh5 11. g3 f5 12. Ng5 Nf6 13. Bf3 fxe4 14. Ncxe4 Nf5 15.
Ne6 Bxe6 16. dxe6 axb4 17. Bxb4 Nd4 18. Nxf6+ Rxf6 19. Bxb7 Rb8 20. Bd5 Kh8 21.
Bc3 Nxe6 22. a4 Nc5 23. a5 Qc8 24. Bc6 Rf8 25. Ra3 Qa6 26. Qd5 Qa7 27. Bb5 Na6
28. Bd2 Rbd8 29. Be3 c5 30. Bxa6 Qxa6 31. Rd1 Bf6 32. Qe6 Kg7 33. h4 Rfe8 34.
Qd5 Rf8 35. Qe4 Rf7 36. Kg2 h5 37. Rad3 Be7 38. Bxc5 Qxa5 39. Bxd6 Bxd6 40.
Rxd6 Rxd6 41. Rxd6 Rxf2+ 42. Kh3 Rf6 43. Qb7+ Rf7 44. Qc6 Qe1 45. Rxg6+ Kh7 46.
Rh6+ Kg7 47. Qg6+ Kf8 48. Rh8+ Ke7 49. Qg5+ Kd7 50. Qd8+ Kc6 51. Qd5+ Kb6 52.
Rb8+ Kc7 53. Rb7+ Kc8 54. Qc6+ Kd8 55. Rb8+ Ke7 56. Re8# 1-0

[Event "30ème Open  d'Avoine"]
[Site "Avoine"]
[Date "2015.07.18"]
[Round "4.21"]
[White "Stephan, Victor"]
[Black "Guerlach, Keigo"]
[Result "1-0"]
[WhiteElo "2302"]
[BlackElo "2062"]
[PlyCount "63"]
[EventDate "2015.??.??"]
[WhiteTeam "C-E BOIS-COLOMBES"]
[BlackTeam "C.E. STRASBOURG"]

1. d4 Nf6 2. c4 g6 3. Nc3 Bg7 4. e4 d6 5. Nf3 c5 6. d5 O-O 7. h3 e6 8. Bd3 exd5
9. cxd5 Na6 10. O-O Nc7 11. Re1 Re8 12. a4 Rb8 13. Bf4 a6 14. Bh2 b5 15. axb5
axb5 16. Qd2 Rb6 17. Rad1 Nd7 18. Bc2 Bb7 19. e5 Nxe5 20. Nxe5 Bxe5 21. Bxe5
Rxe5 22. Rxe5 dxe5 23. Ne4 Bxd5 24. Nc3 Rd6 25. Be4 Bxe4 26. Qxd6 Qxd6 27. Rxd6
Bc2 28. Rc6 Ne6 29. Nxb5 Kg7 30. Nc7 Nd4 31. Rxc5 Bf5 32. Rxe5 1-0

[Event "30ème Open  d'Avoine"]
[Site "Avoine"]
[Date "2015.07.18"]
[Round "4.22"]
[White "Roussel, Glenn"]
[Black "Bouget, Alexandre"]
[Result "0-1"]
[WhiteElo "2043"]
[BlackElo "2256"]
[PlyCount "38"]
[EventDate "2015.??.??"]
[WhiteTeam "C-E BOIS-COLOMBES"]
[BlackTeam "C.E. STRASBOURG"]

1. e4 e5 2. Nf3 Nc6 3. d4 exd4 4. Nxd4 Bc5 5. Be3 Qf6 6. Nb5 Bxe3 7. fxe3 Qh4+
8. g3 Qxe4 9. Nxc7+ Kd8 10. Nxa8 Qxh1 11. Qd6 Nf6 12. Nd2 Qd5 13. Qc7+ Ke7 14.
O-O-O b5 15. Nc4 bxc4 16. Bh3 Qxd1+ 17. Kxd1 Nd5 18. e4 Nxc7 19. Nxc7 d5 0-1

[Event "30ème Open  d'Avoine"]
[Site "Avoine"]
[Date "2015.07.18"]
[Round "4.23"]
[White "Devallee, Jeremie"]
[Black "Eugene, Floryan"]
[Result "0-1"]
[WhiteElo "2246"]
[BlackElo "2042"]
[PlyCount "86"]
[EventDate "2015.??.??"]
[WhiteTeam "C-E BOIS-COLOMBES"]
[BlackTeam "C.E. STRASBOURG"]

1. e4 e5 2. Nc3 Nc6 3. Bc4 Nf6 4. Nge2 Nxe4 5. Nxe4 d5 6. Bd3 dxe4 7. Bxe4 Bc5
8. O-O Bg4 9. Bxc6+ bxc6 10. d3 O-O 11. Be3 Bb6 12. a4 Qd5 13. a5 Bxe3 14. fxe3
Qb5 15. Qd2 Bxe2 16. Qxe2 Qxb2 17. Qd2 Qb5 18. Rfb1 Qd5 19. a6 c5 20. Ra5 Rab8
21. Rbb5 Qc6 22. c4 Rb6 23. Qa2 Rfb8 24. Rxb6 cxb6 25. Rb5 Rd8 26. Qe2 Qc8 27.
Qb2 f6 28. Qa3 Qg4 29. Rb2 Qd1+ 30. Kf2 Qxd3 31. Qxd3 Rxd3 32. Ke2 e4 33. g4
Kf7 34. Rb1 Ke6 35. Rf1 Rc3 36. Rd1 Rc2+ 37. Kf1 Ke7 38. h4 Rxc4 39. Rd5 Ra4
40. g5 Rxa6 41. h5 Ke6 42. gxf6 Kxf6 43. Kf2 Ra3 0-1

[Event "30ème Open  d'Avoine"]
[Site "Avoine"]
[Date "2015.07.18"]
[Round "4.24"]
[White "Schmit, Vincent"]
[Black "Lukasiewicz, Grzegorz"]
[Result "1-0"]
[WhiteElo "2021"]
[BlackElo "2245"]
[PlyCount "207"]
[EventDate "2015.??.??"]
[WhiteTeam "C-E BOIS-COLOMBES"]
[BlackTeam "C.E. STRASBOURG"]

1. e4 c5 2. Nf3 d6 3. Bb5+ Nd7 4. c4 Ngf6 5. Nc3 g6 6. d4 cxd4 7. Nxd4 Bg7 8.
O-O O-O 9. Bxd7 Qxd7 10. b3 b6 11. Bb2 Bb7 12. Re1 Qd8 13. Qd2 a6 14. a4 Nd7
15. Rad1 Rc8 16. Qg5 Nc5 17. Nd5 e5 18. Qxd8 Rcxd8 19. Nc6 Rd7 20. Nxb6 Bxc6
21. Nxd7 Bxd7 22. Rxd6 Be6 23. Ba3 Nxb3 24. Rb6 Bxc4 25. Bxf8 Bxf8 26. Rc6 Na5
27. Rc8 Kg7 28. Rb1 Bb3 29. Rc3 Bxa4 30. Ra1 Bb4 31. Rca3 Bxa3 32. Rxa3 Bc6 33.
Rxa5 Bxe4 34. Rxe5 Bd3 {(=)} 35. Rc5 Be2 36. f3 Bd3 37. Kf2 h6 38. Rc7 Bb5 39.
Ra7 Kf6 40. Ke3 Bc4 41. Ke4 h5 42. h4 Bf1 43. g3 Be2 44. Rb7 Kg7 45. Kf4 Kf6
46. Rb6+ Kg7 47. Rb2 Bc4 48. Rc2 Bd3 49. Rc3 Be2 50. Re3 Bd1 51. Ra3 Be2 52.
Ke5 Bc4 53. f4 Be2 54. Rc3 Bd1 55. Rc5 Be2 56. Rc7 Bd3 57. Ra7 Be2 58. Rd7 Bc4
59. Rc7 Bb3 60. Ra7 Bc4 61. Rb7 Bd3 62. Rb8 Be2 63. Rd8 Bc4 64. Rd7 Be2 65. Ra7
Bd3 66. Ra8 Bc4 67. f5 gxf5 68. Kxf5 Bd3+ 69. Kg5 f6+ 70. Kxh5 Be2+ 71. g4 f5
72. Re8 Bf3 73. Kg5 fxg4 74. Re7+ Kf8 75. Re3 Bd1 76. h5 a5 77. Rc3 Bf3 78. h6
Kg8 79. Rc8+ Kh7 80. Rc7+ Kh8 81. Rc8+ Kh7 82. Rc7+ Kh8 {(=)} 83. Rc4 Kh7 84.
Rc3 a4 85. Rd3 Kh8 86. Re3 Bd1 87. Re1 Bb3 88. Rc1 Bd5 89. Rc5 Be4 90. Rc8+ Kh7
91. Rc7+ Kh8 92. Kxg4 Bb1 93. Rc1 Bd3 94. Rc3 Bb1 95. Kg5 Kh7 96. Rc7+ Kh8 97.
Ra7 Bc2 98. Kf6 Bb3 99. Rc7 Bd5 100. Re7 Bb3 101. Re2 Kh7 102. Kg5 Bc4 103.
Re7+ Kh8 104. h7 1-0

[Event "30ème Open  d'Avoine"]
[Site "Avoine"]
[Date "2015.07.18"]
[Round "4.25"]
[White "Gerard, Nicolas"]
[Black "Heurtebize, Christophe"]
[Result "1/2-1/2"]
[WhiteElo "2244"]
[BlackElo "2042"]
[PlyCount "56"]
[EventDate "2015.??.??"]
[WhiteTeam "C-E BOIS-COLOMBES"]
[BlackTeam "C.E. STRASBOURG"]

1. d4 Nf6 2. c4 e6 3. Nc3 d5 4. cxd5 exd5 5. Bg5 Be7 6. e3 O-O 7. Bd3 Nbd7 8.
Qc2 Re8 9. Nf3 c6 10. O-O Nf8 11. Rae1 Ne4 12. Bxe7 Qxe7 13. Nd2 Bf5 14. f3
Nxd2 15. Qxd2 Bxd3 16. Qxd3 Rad8 17. e4 Qb4 18. Rd1 Ne6 19. e5 c5 20. dxc5
Qxc5+ 21. Kh1 d4 22. Nb5 Qxe5 23. Rfe1 Qg5 24. g3 a6 25. Nxd4 Qd5 26. Qb3 Qxb3
27. Nxb3 Rxd1 28. Rxd1 g6 1/2-1/2

[Event "30ème Open  d'Avoine"]
[Site "Avoine"]
[Date "2015.07.18"]
[Round "4.26"]
[White "Ribeiro, Romain"]
[Black "Suez-Panama, Gilles"]
[Result "0-1"]
[WhiteElo "2222"]
[BlackElo "2035"]
[PlyCount "84"]
[EventDate "2015.??.??"]
[WhiteTeam "C-E BOIS-COLOMBES"]
[BlackTeam "C.E. STRASBOURG"]

1. e4 e6 2. d3 d5 3. Nd2 Nf6 4. Ngf3 Bc5 5. e5 Nfd7 6. g3 O-O 7. Bg2 Nc6 8. Qe2
f6 9. exf6 Qxf6 10. Nb3 Bb6 11. O-O Nde5 12. Nxe5 Nxe5 13. d4 Nc4 14. c3 c6 15.
Re1 e5 16. Be3 e4 17. Bf4 g5 18. Bc1 Bg4 19. Qf1 Nd6 20. h3 Bh5 21. Be3 Nc4 22.
Rab1 Rf7 23. g4 Bg6 24. Re2 Raf8 25. Qc1 h6 26. Nd2 Nxe3 27. fxe3 Bc7 28. Nf1
Qd6 29. c4 h5 30. cxd5 cxd5 31. Rc2 hxg4 32. hxg4 Rh7 33. b3 Be8 34. Rbb2 Bb5
35. Rf2 Rxf2 36. Rxf2 Bxf1 37. Bxf1 Qh6 38. Bg2 Bh2+ 39. Kf1 Qa6+ 40. Ke1 Rc7
41. Qd2 Bg3 42. Bf1 Qf6 0-1